| 000 | 00586nam a2200193 a 4500 | ||
|---|---|---|---|
| 001 | 5329 | ||
| 005 | 20180713185204.0 | ||
| 008 | 140415s1969 mx 000 0 spa d | ||
| 041 | _aspa | ||
| 082 |
_a330.9 _bBAN |
||
| 100 | 1 | _aBANCO INTERAMERICANO DE DESARROLLO | |
| 245 | 1 | 0 | _aFACTORES PARA LA INTEGRACION LATINOAMERICANA |
| 250 | _a1a ed. | ||
| 260 |
_aMEXICO : _bFONDO DE CULTURA ECONOMICA, _c1969 |
||
| 300 | _a247 | ||
| 490 | _aSECCION DE OBRAS DE ECONOMIA | ||
| 650 | 1 | 4 |
_aAMERICA LATINA _xCONDICIONES ECONOMICAS _xECONOMIA |
| 700 | 1 |
_aHERRERA, FELIPE _eprĂ³l. |
|
| 999 |
_c5329 _d5329 |
||